[Event "Angers op 10th"]
[Site "Angers"]
[Date "2015.04.26"]
[Round "6"]
[White "Bertrand, Benjamin"]
[Black "Sauvaget, Franck"]
[Result "0-1"]
[WhiteElo "1800"]
[BlackElo "1940"]
[PlyCount "72"]
[EventDate "2015.04.24"]
[EventType "swiss"]
[EventRounds "6"]
[EventCountry "FRA"]
[SourceTitle "CBM 166 Extra"]
[Source "ChessBase"]
[SourceDate "2015.06.18"]
[SourceVersion "1"]
[SourceVersionDate "2015.06.18"]
[SourceQuality "1"]

1. e4 e6 2. d4 c5 3. Nf3 cxd4 4. Nxd4 Nf6 5. Nc3 Nc6 6. Nxc6 bxc6 7. Bg5 Qa5 8. Qd2 Bb4 9. Bxf6 gxf6 10. Be2 Ba6 11. 0-0-0 d5 12. Bxa6 Qxa6 13. exd5 cxd5 14. Qd4 Be7 15. Rhe1 Qb6 16. Qa4+ Kf8 17. Qf4 h5 18. Rd3 Rb8 19. Na4 Qd8 20. Qd4 Rg8 21. g3 a5 22. Nc3 f5 23. a4 Rb4 24. Qe3 Bg5 25. f4 Bf6 26. Qc5+ Kg7 27. b3 Qb8 28. Qxa5 Rc8 29. Nb5 Re4 30. Rxe4 fxe4 31. Re3 Rc6 32. Qd2 Qb6 33. g4 hxg4 34. Rg3 Qc5 35. Rxg4+ Kf8 36. Qe1 Qxc2# 0-1

[Event "Brest op"]
[Site "Brest"]
[Date "2012.04.07"]
[Round "2.8"]
[White "Bertrand, Benjamin"]
[Black "Guevel, Mickael"]
[Result "0-1"]
[WhiteElo "1684"]
[BlackElo "1919"]
[PlyCount "48"]
[EventDate "2012.04.??"]
[EventType "swiss"]
[EventRounds "7"]
[EventCountry "FRA"]
[SourceTitle "EXT 2014"]
[Source "ChessBase"]
[SourceDate "2013.11.20"]
[SourceVersion "1"]
[SourceVersionDate "2013.11.20"]
[SourceQuality "1"]

1. e4 c5 2. Nc3 Nc6 3. f4 e6 4. Nf3 Nge7 5. d4 cxd4 6. Nxd4 Nxd4 7. Qxd4 Nc6 8. Qf2 a6 9. Be3 Bb4 10. Be2 0-0 11. 0-0 b5 12. g4 Rb8 13. f5 Be7 14. Qg2 Bg5 15. Bxg5 Qxg5 16. h4 Qe3+ 17. Kh1 Nd4 18. Bd3 b4 19. Na4 exf5 20. gxf5 Qh6 21. Qf2 Qf6 22. Rad1 d6 23. Rg1 Bb7 24. Rxg7+ Kxg7 0-1

[Event "Fouesnant op 15th"]
[Site "Fouesnant"]
[Date "2009.10.25"]
[Round "3"]
[White "Bertrand, Benjamin"]
[Black "Le Garrec, Maxime"]
[Result "1-0"]
[WhiteElo "1570"]
[BlackElo "1687"]
[PlyCount "47"]
[EventDate "2009.10.26"]
[EventType "swiss"]
[EventRounds "9"]
[EventCountry "FRA"]
[SourceTitle "EXT 2010"]
[Source "ChessBase"]
[SourceDate "2010.11.25"]
[SourceVersion "1"]
[SourceVersionDate "2010.11.25"]
[SourceQuality "1"]

1. d4 b5 2. e4 Bb7 3. f3 a6 4. Bf4 e6 5. Nd2 d5 6. Bd3 c5 7. dxc5 Bxc5 8. Ne2 Qf6 9. Rb1 Nd7 10. Bg3 Ne7 11. Nb3 Bb6 12. Nc3 0-0 13. Qd2 Ne5 14. Bf2 Nc4 15. Bxc4 Bxf2+ 16. Qxf2 bxc4 17. Na5 Rab8 18. Nxb7 Rxb7 19. exd5 Qxc3+ 20. bxc3 Rxb1+ 21. Ke2 Rxh1 22. d6 Nf5 23. d7 Rd8 24. Qb6 1-0

[Event "Fouesnant op 14th"]
[Site "Fouesnant"]
[Date "2008.10.26"]
[Round "3"]
[White "Bertrand, Benjamin"]
[Black "Grego, Pierre"]
[Result "0-1"]
[WhiteElo "1600"]
[BlackElo "1905"]
[PlyCount "32"]
[EventDate "2008.10.25"]
[EventType "swiss"]
[EventRounds "9"]
[EventCountry "FRA"]
[SourceTitle "EXT 2009"]
[Source "ChessBase"]
[SourceDate "2008.11.26"]
[SourceVersion "1"]
[SourceVersionDate "2008.11.26"]
[SourceQuality "1"]

1. d4 Nf6 2. Nc3 d5 3. e4 dxe4 4. f3 exf3 5. Nxf3 Bg4 6. Be3 e6 7. Be2 Bb4 8. 0-0 0-0 9. Ne5 Bxe2 10. Qxe2 c6 11. Rf3 Nbd7 12. Nxd7 Qxd7 13. Rg3 Kh8 14. Qf2 Bxc3 15. Bh6 Nh5 16. Rf1 Bxd4 0-1